000 00499nam a2200181Ia 4500
005 20250326143127.0
008 250326s9999 xx 000 0 und d
037 _aTextbook
040 _aFMSL
_beng
_cFMSL
041 _aeng
_2eng
084 _aX:97 M02
_qFMSL
100 _aWorrall N
_985633
245 0 _aUnderstanding Business People and Decisions
_cWorrall N
260 _aLondon
_bLondon, Longman
_c1980
300 _a254p
942 _cTB
_hX:97 M02
999 _c1298214
_d1298214